000 00323nam a22001457a 4500
008 221017b ||||| |||| 00| 0 eng d
020 _aX000EF7VFJ
041 _aeng
080 _a616.073
082 _a616.073
100 _a12
101 _aGENE
245 _aCHEMISTRY A MOLECULAR APPROACH
_cTRO.J.N
942 _2udc
_cBK
999 _c58582
_d58582